| 000 | 01106nam0a2200289 4500 | ||
|---|---|---|---|
| 001 | RU\NLR\ONL1\12774 | ||
| 005 | 20250613121446.0 | ||
| 035 | _a(NLR Aleph) 009641518 | ||
| 090 |
_a9548006 _c9548006 |
||
| 100 | _a20071113d1955 |||y0rusy50 ca | ||
| 101 | 0 | _amyv | |
| 102 | _aRU | ||
| 105 | _aa ||||||||| | ||
| 200 | 1 |
_aРодной литература _eлит. ловномань книга 6-це классонтень _fсост. Н. С. Нарваткин |
|
| 205 | _a4-це нолдавкс | ||
| 210 |
_aСаранск _cМордов. кн. изд-вась _d1955 |
||
| 215 |
_a228 с. _cил. _d23 |
||
| 541 | 1 |
_aРодная литература _eкнига по лит. чтению для 6-го класса _zrus |
|
| 606 | 0 |
_aМордовская литература _91649257 _3RU\NLR\auth\66729856 |
|
| 686 | 1 | _aШ5(2=Морд) я72 | |
| 702 | 1 |
_aНарваткин _bН. С. _gНиколай Степанович _4220 |
|
| 801 | 0 |
_aRU _bNLR _c20071113 _gPSBO |
|
| 852 |
_aNLR _bОНЛ _jМорд.э./3-1531 |
||
| 942 | _cBOOK | ||
| 980 | _aNB | ||